LEADER 00890nam0-2200313 --450 001 9910327158803321 005 20190703124107.0 010 $a978-88-3353-020-8 100 $a20190703d2018----kmuy0itay5050 ba 101 1 $aita$cger 102 $aIT 105 $a 001yy 200 1 $a<>terzo Reich e il sogno di Atlantide$fFranz Wegener 205 $a2. ed. 210 $aTorino$cLindau$d2018 215 $a185 p.$cill.$d21 cm 225 1 $a<>leoni 320 $aContiene bibl. (pp.173-182) 610 0 $aAtlantide 610 0 $aAtlantide$aStudi$aGermania$aSec. 20. 676 $a398.42$v19$zita 700 1$aWegener,$bFranz$f<1965>$0765395 801 0$aIT$bUNINA$gREICAT$2UNIMARC 901 $aBK 912 $a9910327158803321 952 $aXIV B 2797$b830/2019$fFSPBC 959 $aFSPBC 996 $aTerzo Reich e il sogno di Atlantide$91555613 997 $aUNINA